书目信息 |
| 题名: |
中华人民共和国海关进出口商品规范申报目录
|
|
| 作者: | ;海关总署关税征管司 编 | |
| 分册: | 2016年 | |
| 出版信息: | 北京 中国海关出版社 2016.1 |
|
| 页数: | 647页 | |
| 开本: | 29cm | |
| 丛书名: | ||
| 单 册: | ||
| 中图分类: | F752.65-63 | |
| 科图分类: | ||
| 主题词: | 进出口商品--jin chu kou shang pin--申请--中国--2016--目录 | |
| 电子资源: | ||
| ISBN: | 978-7-5175-0104-6 | |
| 000 | 00969nam0 2200229 450 | |
| 001 | 2133110630 | |
| 005 | 20211026092146.03 | |
| 010 | @a978-7-5175-0104-6@dCNY240.00 | |
| 100 | @a20160129d2016 em y0chiy50 ea | |
| 101 | 0 | @achi |
| 102 | @aCN@b110000 | |
| 105 | @ay b 000yy | |
| 106 | @ar | |
| 200 | 1 | @a中华人民共和国海关进出口商品规范申报目录@Azhong hua ren min gong he guo hai guan jin chu kou shang pin gui fan shen bao mu lu@h2016年@f海关总署关税征管司编 |
| 210 | @a北京@c中国海关出版社@d2016.1 | |
| 215 | @a647页@d29cm | |
| 330 | @a本书收录了2016年中华人民共和国海关进出口商品规范的申报目录,内容涉及植物产品、动物产品、矿产品、化学工业及其相关工业的产品、塑料及其制品、纺织原料及纺织制品等。 | |
| 606 | 0 | @a进出口商品@Ajin chu kou shang pin@x申请@y中国@z2016@j目录 |
| 690 | @aF752.65-63@v5 | |
| 711 | 02 | @a海关总署关税征管司@Ahai guan zong shu guan shui zheng guan si@4编 |
| 801 | 0 | @aCN@b百万庄@c20211025 |
| 905 | @b1312272-73@dF752.65-63@e70(2016)@f2 | |
| 中华人民共和国海关进出口商品规范申报目录.2016年/海关总署关税征管司编.-北京:中国海关出版社,2016.1 |
| 647页;29cm |
| ISBN 978-7-5175-0104-6:CNY240.00 |
| 本书收录了2016年中华人民共和国海关进出口商品规范的申报目录,内容涉及植物产品、动物产品、矿产品、化学工业及其相关工业的产品、塑料及其制品、纺织原料及纺织制品等。 |
| ● |
| 相关链接 |
|
|
|
|
正题名:中华人民共和国海关进出口商品规范申报目录
索取号:F752.65-63/70(2016)
 
预约/预借
| 序号 | 登录号 | 条形码 | 馆藏地/架位号 | 状态 | 备注 |
| 1 | 1312272 | 213122725 | 第一样本阅览室/ [索取号:F752.65-63/70(2016)] | 在馆 | |
| 2 | 1312273 | 213122734 | 第一借阅区/ [索取号:F752.65-63/70(2016)] | 在馆 |